Top 20 UFC Fighters - Statistics

General Stats
  • This quiz has been taken 230 times
  • The average score is 9 of 20
Answer Stats
Rank Fighter % Correct
1 Jon Jones
97%
5 Khabib Nurmagomedov
71%
3 Anderson Silva
65%
10 Conor Mcgregor
65%
2 George St-Pierre
60%
7 Daniel Cormier
59%
4 Demetrious Johnson
54%
6 Jose Aldo
52%
8 Stipe Miocic
50%
11 Israel Adesanya
45%
15 Max Holloway
45%
13 Alexander Volkanovski
43%
12 Kamaru Usman
41%
17 Dominick Cruz
27%
18 BJ Penn
23%
20 Randy Couture
22%
16 Chuck Liddell
21%
19 Henry Cejudo
19%
14 Matt Hughes
17%
9 Fedor Emelianenko
4%
No matching quizzes found
Score Distribution
Percent of People with Each Score
Percentile by Number Answered
Your Score History
You have not taken this quiz